<?xml version="1.0" encoding="UTF-8"?><?xml-stylesheet type="text/xsl" href="static/style.xsl"?><OAI-PMH xmlns="http://www.openarchives.org/OAI/2.0/" xmlns:xsi="http://www.w3.org/2001/XMLSchema-instance" xsi:schemaLocation="http://www.openarchives.org/OAI/2.0/ http://www.openarchives.org/OAI/2.0/OAI-PMH.xsd"><responseDate>2026-04-13T00:03:45Z</responseDate><request verb="GetRecord" identifier="oai:www.recercat.cat:2117/184176" metadataPrefix="marc">https://recercat.cat/oai/request</request><GetRecord><record><header><identifier>oai:recercat.cat:2117/184176</identifier><datestamp>2026-02-07T09:22:57Z</datestamp><setSpec>com_2072_1033</setSpec><setSpec>col_2072_452950</setSpec></header><metadata><record xmlns="http://www.loc.gov/MARC21/slim" xmlns:dcterms="http://purl.org/dc/terms/" xmlns:xsi="http://www.w3.org/2001/XMLSchema-instance" xmlns:doc="http://www.lyncode.com/xoai" xsi:schemaLocation="http://www.loc.gov/MARC21/slim http://www.loc.gov/standards/marcxml/schema/MARC21slim.xsd">
   <leader>00925njm 22002777a 4500</leader>
   <datafield ind2=" " ind1=" " tag="042">
      <subfield code="a">dc</subfield>
   </datafield>
   <datafield ind2=" " ind1=" " tag="720">
      <subfield code="a">García Serrano, Joan</subfield>
      <subfield code="e">author</subfield>
   </datafield>
   <datafield ind2=" " ind1=" " tag="720">
      <subfield code="a">Solimeno, Alessandro</subfield>
      <subfield code="e">author</subfield>
   </datafield>
   <datafield ind2=" " ind1=" " tag="720">
      <subfield code="a">Zhang, Li</subfield>
      <subfield code="e">author</subfield>
   </datafield>
   <datafield ind2=" " ind1=" " tag="720">
      <subfield code="a">Marois, Darryl</subfield>
      <subfield code="e">author</subfield>
   </datafield>
   <datafield ind2=" " ind1=" " tag="720">
      <subfield code="a">Mitsch, William J.</subfield>
      <subfield code="e">author</subfield>
   </datafield>
   <datafield ind2=" " ind1=" " tag="260">
      <subfield code="c">2020-06</subfield>
   </datafield>
   <datafield ind2=" " ind1=" " tag="520">
      <subfield code="a">Eutrophication is a widespread global scale pollution problem. Agricultural areas are generally the main contributors to eutrophication, whereas sewage and industrial discharges, which usually receive some treatment prior to discharge, are a secondary source. This is mostly the case of the ultra-oligotrophic Florida Everglades, where natural water sources are often enriched by nutrients from large-scale industrial agricultural stormwater runoff. Remediation of these agricultural waters cannot be conducted with the usual environmental engineering solutions, and in this context ecological engineering approaches such as constructed wetlands are much more suitable. Moreover, these wetlands provide other ecosystem services such as carbon sequestration or habitat provisioning. In this paper we have implemented a mechanistic phosphorus model into a time-space-dependent mathematical simulation platform (COMSOL Multiphysics™) which has been calibrated with wetland mesocosm data. Subsequently we have evaluated different characteristics of constructed wetland physical elements such as internal walls and baffles, different types of inlets, parallel and series operation, and increase in hydraulic retention time (HRT) to study total phosphorus (TP) removal performance and to improve efficiency. Simulation results indicate that wetland mesocosm soils released dissolved organic phosphorus which was washed out together with the effluent, making very difficult to attain a concentration lower than a target of 10 µg TP L-1, as required to protect the Everglades. Simulations showed that the design based on combination of the bottom inlet together with parallel operation extensively improves efficiency. Target TP concentrations can be achieved with this design together with an increase on 25% of hydraulic retention time. With this study we demonstrate the usefulness of the model for detailed designs, opening the door for its use in field scale applications.</subfield>
   </datafield>
   <datafield ind2=" " ind1=" " tag="520">
      <subfield code="a">Peer Reviewed</subfield>
   </datafield>
   <datafield ind2=" " ind1=" " tag="520">
      <subfield code="a">Postprint (author's final draft)</subfield>
   </datafield>
   <datafield tag="653" ind2=" " ind1=" ">
      <subfield code="a">Àrees temàtiques de la UPC::Desenvolupament humà i sostenible::Enginyeria ambiental::Tractament de l'aigua</subfield>
   </datafield>
   <datafield tag="653" ind2=" " ind1=" ">
      <subfield code="a">Constructed wetlands</subfield>
   </datafield>
   <datafield tag="653" ind2=" " ind1=" ">
      <subfield code="a">Agricultural runoff</subfield>
   </datafield>
   <datafield tag="653" ind2=" " ind1=" ">
      <subfield code="a">Modelling</subfield>
   </datafield>
   <datafield tag="653" ind2=" " ind1=" ">
      <subfield code="a">Storm treatment areas</subfield>
   </datafield>
   <datafield tag="653" ind2=" " ind1=" ">
      <subfield code="a">STA</subfield>
   </datafield>
   <datafield tag="653" ind2=" " ind1=" ">
      <subfield code="a">Subtropical constructed wetland</subfield>
   </datafield>
   <datafield tag="653" ind2=" " ind1=" ">
      <subfield code="a">Treatment wetlands</subfield>
   </datafield>
   <datafield tag="653" ind2=" " ind1=" ">
      <subfield code="a">Zones humides artificials</subfield>
   </datafield>
   <datafield ind2="0" ind1="0" tag="245">
      <subfield code="a">Constructed wetlands to solve agricultural drainage pollution in South Florida: development of an advanced simulation tool for design optimization</subfield>
   </datafield>
</record></metadata></record></GetRecord></OAI-PMH>